[Event "23rd Pirc Memorial Juniors 202"]
[Site "Maribor"]
[Date "2020.08.13"]
[Round "4.2"]
[White "Kodric, Gasper"]
[Black "Javornik, Nik"]
[Result "1/2-1/2"]
[WhiteElo "1624"]
[BlackElo "1786"]
[Annotator "NA RC"]
[PlyCount "73"]
[EventDate "2020.08.12"]
[EventType "tourn"]
[EventCountry "SLO"]
[SourceTitle "playchess.com"]
[Source "ChessBase"]
[SourceQuality "1"]
[TimeControl "3600+30"]

1. c4 {[%emt 0:00:00]} e5 {[%emt 0:00:00]} 2. g3 {[%emt 0:00:07]} Nf6 {[%emt 0:00:00]} 3. Bg2 {[%emt 0:00:28]} d5 {[%emt 0:00:02]} 4. cxd5 {[%emt 0:00:11]} Nxd5 {[%emt 0:00:02]} 5. Nf3 {[%emt 0:00:08]} Nc6 {[%emt 0:00:14]} 6. O-O {[%emt 0:00:08]} Nb6 {[%emt 0:00:15]} 7. d3 {[%emt 0:00:06]} Be7 {[%emt 0:00:11]} 8. Nc3 {[%emt 0:00:04]} O-O {[%emt 0:00:12]} 9. Be3 {[%emt 0:00:04]} Be6 {[%emt 0:00:42]} 10. d4 {[%emt 0:00:05]} exd4 {[%emt 0:01:19]} 11. Nxd4 {[%emt 0:00:15]} Nxd4 {[%emt 0:00:17]} 12. Bxd4 {[%emt 0:00:05]} c6 {[%emt 0:00:37]} 13. Ne4 {[%emt 0:00:05]} Bd5 {[%emt 0:03:34]} 14. e3 {[%emt 0:03:57]} Qd7 {[%emt 0:05:34]} 15. Qc2 {[%emt 0:05:29]} Rfd8 {[%emt 0:03:22]} 16. Rfd1 {[%emt 0:02:27]} Qe8 {[%emt 0:04:42]} 17. Nc5 {[%emt 0:05:04]} Bxg2 {[%emt 0:01:38]} 18. Kxg2 {[%emt 0:00:17]} Bxc5 {[%emt 0:01:23]} 19. Bxc5 {[%emt 0:00:34]} Qe6 {[%emt 0:02:56]} 20. Rxd8+ {[%emt 0:05:37]} Rxd8 {[%emt 0:00:13]} 21. Rd1 {[%emt 0:00:27]} Rd5 {[%emt 0:01:09]} 22. Bxb6 {[%emt 0:07:30]} axb6 {[%emt 0:00:02]} 23. Qa4 {[%emt 0:01:06]} g6 {[%emt 0:01:24]} 24. Rxd5 {[%emt 0:06:22]} Qxd5+ {[%emt 0:00:08]} 25. e4 {[%emt 0:00:18]} Qd7 {[%emt 0:00:41]} 26. Qb4 {[%emt 0:01:16]} b5 {[%emt 0:01:07]} 27. Qc3 {[%emt 0:03:52]} h5 {[%emt 0:01:08]} 28. h4 {[%emt 0:01:53]} Kh7 {[%emt 0:02:03]} 29. Qf6 {[%emt 0:01:47]} c5 {[%emt 0:03:42]} 30. a3 {[%emt 0:01:58]} Kg8 {[%emt 0:01:47]} 31. e5 {[%emt 0:03:02]} Qd5+ {[%emt 0:01:06]} 32. Qf3 {[%emt 0:01:35]} Qxe5 {[%emt 0:00:46]} 33. Qxb7 {[%emt 0:00:15]} c4 {[%emt 0:00:23]} 34. a4 {[%emt 0:01:30]} bxa4 {[%emt 0:01:34]} 35. Qc8+ {[%emt 0:00:23]} Kg7 {[%emt 0:00:14]} 36. Qxc4 {[%emt 0:00:06]} Qxb2 {[%emt 0:00:06]} 37. Qxa4 {[%emt 0:00:08]} 1/2-1/2

[Event "23rd Pirc Memorial Juniors 202"]
[Site "Maribor"]
[Date "2020.08.13"]
[Round "4.3"]
[White "Heric, Meta"]
[Black "Lavrencic, Matic"]
[Result "0-1"]
[WhiteElo "1287"]
[BlackElo "1902"]
[Annotator "RC"]
[PlyCount "88"]
[EventDate "2020.08.12"]
[EventType "tourn"]
[EventCountry "SLO"]
[SourceTitle "playchess.com"]
[Source "ChessBase"]
[SourceQuality "1"]
[TimeControl "3600+30"]

1. e4 {[%emt 0:00:00]} c5 {[%emt 0:00:00]} 2. Nc3 {[%emt 0:00:00]} e6 {[%emt 0:00:00]} 3. f4 {[%emt 0:00:08]} d5 {[%emt 0:00:00]} 4. Nf3 {[%emt 0:03:34]} dxe4 {[%emt 0:00:19]} 5. Nxe4 {[%emt 0:00:25]} Nc6 {[%emt 0:00:06]} 6. Bb5 {[%emt 0:00:17]} Bd7 {[%emt 0:00:29]} 7. O-O {[%emt 0:00:51]} a6 {[%emt 0:00:22]} 8. Bxc6 {[%emt 0:01:11]} Bxc6 {[%emt 0:00:20]} 9. Qe1 {[%emt 0:01:35]} Be7 {[%emt 0:01:30]} 10. d3 {[%emt 0:02:43]} Nh6 {[%emt 0:01:04]} 11. Qc3 {[%emt 0:04:29]} O-O {[%emt 0:01:49]} 12. Nxc5 {[%emt 0:01:25]} Rc8 {[%emt 0:04:17]} 13. d4 {[%emt 0:03:31]} b6 {[%emt 0:01:12]} 14. Nb3 {[%emt 0:04:19]} Bb5 {[%emt 0:00:27]} 15. Qe1 {[%emt 0:00:51]} Bxf1 {[%emt 0:00:06]} 16. Qxf1 {[%emt 0:00:18]} Rxc2 {[%emt 0:00:54]} 17. Qxa6 {[%emt 0:01:01]} Nf5 {[%emt 0:01:04]} 18. Qd3 {[%emt 0:01:51]} Rc7 {[%emt 0:00:30]} 19. h3 {[%emt 0:07:29]} Qd5 {[%emt 0:01:22]} 20. Be3 {[%emt 0:07:35]} Rfc8 {[%emt 0:00:25]} 21. Rc1 {[%emt 0:03:02]} Rxc1+ {[%emt 0:00:37]} 22. Nxc1 {[%emt 0:00:12]} Qc4 {[%emt 0:02:46]} 23. Qxc4 {[%emt 0:03:45]} Rxc4 {[%emt 0:00:09]} 24. Bd2 {[%emt 0:01:47]} Nxd4 {[%emt 0:00:17]} 25. Nxd4 {[%emt 0:00:30]} Rxd4 {[%emt 0:00:06]} 26. Nb3 {[%emt 0:00:08]} Rc4 {[%emt 0:00:39]} 27. Be3 {[%emt 0:01:10]} Rc2 {[%emt 0:00:38]} 28. Bd4 {[%emt 0:00:27]} Bf6 {[%emt 0:00:12]} 29. Bxb6 {[%emt 0:02:13]} Rxb2 {[%emt 0:00:11]} 30. Bd4 {[%emt 0:01:56]} Bxd4+ {[%emt 0:00:15]} 31. Nxd4 {[%emt 0:00:07]} Rxa2 {[%emt 0:00:06]} 32. Nf3 {[%emt 0:00:20]} f6 {[%emt 0:00:23]} 33. g4 {[%emt 0:00:26]} Ra3 {[%emt 0:00:07]} 34. Kg2 {[%emt 0:00:08]} Kf7 {[%emt 0:00:12]} 35. g5 {[%emt 0:00:16]} h6 {[%emt 0:01:06]} 36. h4 {[%emt 0:00:20]} Kg6 {[%emt 0:01:56]} 37. gxf6 {[%emt 0:00:36]} gxf6 {[%emt 0:00:08]} 38. Kg3 {[%emt 0:00:36]} Kf5 {[%emt 0:00:25]} 39. Kg2 {[%emt 0:00:36]} Rxf3 {[%emt 0:00:25]} 40. Kxf3 {[%emt 0:00:09]} h5 {[%emt 0:00:03]} 41. Kg3 {[%emt 0:00:16]} Ke4 {[%emt 0:00:05]} 42. Kf2 {[%emt 0:00:37]} Kxf4 {[%emt 0:00:04]} 43. Ke2 {[%emt 0:00:13]} Kg4 {[%emt 0:00:01]} 44. Kf2 {[%emt 0:00:19]} Kxh4 {[%emt 0:00:06]} 0-1

[Event "23rd Pirc Memorial Juniors 202"]
[Site "Maribor"]
[Date "2020.08.13"]
[Round "4.4"]
[White "Drevensek, Doroteja"]
[Black "Javornik, Lina"]
[Result "1-0"]
[WhiteElo "1381"]
[BlackElo "1330"]
[Annotator "NA"]
[PlyCount "77"]
[EventDate "2020.08.12"]
[EventType "tourn"]
[EventCountry "SLO"]
[SourceTitle "playchess.com"]
[Source "ChessBase"]
[SourceQuality "1"]
[TimeControl "3600+30"]

1. e4 {[%emt 0:00:00]} e5 {[%emt 0:00:00]} 2. Nf3 {[%emt 0:00:00]} Nc6 {[%emt 0:00:00]} 3. Nc3 {[%emt 0:00:07]} Bc5 {[%emt 0:00:49]} 4. Nxe5 {[%emt 0:00:12]} Nxe5 {[%emt 0:00:22]} 5. d4 {[%emt 0:00:07]} Bd6 {[%emt 0:00:01]} 6. dxe5 {[%emt 0:00:30]} Bxe5 {[%emt 0:00:33]} 7. Bd2 {[%emt 0:02:21]} Nf6 {[%emt 0:00:31]} 8. Bd3 {[%emt 0:00:22]} c6 {[%emt 0:01:03]} 9. O-O {[%emt 0:03:23]} Qb6 {[%emt 0:03:04]} 10. Rb1 {[%emt 0:04:19]} O-O {[%emt 0:02:00]} 11. h3 {[%emt 0:09:44]} d5 {[%emt 0:01:49]} 12. exd5 {[%emt 0:06:33]} Nxd5 {[%emt 0:02:14]} 13. Nxd5 {[%emt 0:00:53]} cxd5 {[%emt 0:00:11]} 14. Qh5 {[%emt 0:00:28]} f5 {[%emt 0:01:43]} 15. Qf3 {[%emt 0:11:56]} Be6 {[%emt 0:05:08]} 16. Rfe1 {[%emt 0:02:34]} Qd6 {[%emt 0:01:10]} 17. a3 {[%emt 0:01:40]} b6 {[%emt 0:02:19]} 18. Bb4 {[%emt 0:00:31]} Qc7 {[%emt 0:01:42]} 19. Bxf8 {[%emt 0:00:31]} Rxf8 {[%emt 0:00:27]} 20. Qe3 {[%emt 0:02:09]} Bh2+ {[%emt 0:00:27]} 21. Kh1 {[%emt 0:00:26]} Rf6 {[%emt 0:00:42]} 22. Qf3 {[%emt 0:06:43]} Bf4 {[%emt 0:02:44]} 23. Rxe6 {[%emt 0:08:11]} Rxe6 {[%emt 0:01:19]} 24. Qxd5 {[%emt 0:00:08]} Qe5 {[%emt 0:01:05]} 25. Bc4 {[%emt 0:01:05]} Kf7 {[%emt 0:02:53]} 26. Qxe6+ {[%emt 0:00:36]} Qxe6 {[%emt 0:00:30]} 27. Bxe6+ {[%emt 0:00:30]} Kxe6 {[%emt 0:00:30]} 28. Rd1 {[%emt 0:00:00]} b5 {[%emt 0:01:14]} 29. g3 {[%emt 0:00:01]} Be5 {[%emt 0:00:10]} 30. b3 {[%emt 0:00:22]} Bd6 {[%emt 0:01:01]} 31. a4 {[%emt 0:00:11]} b4 {[%emt 0:00:30]} 32. Kg2 {[%emt 0:00:29]} g5 {[%emt 0:01:01]} 33. h4 {[%emt 0:00:31]} g4 {[%emt 0:00:34]} 34. f3 {[%emt 0:00:23]} h5 {[%emt 0:00:30]} 35. Rd3 {[%emt 0:01:17]} Be5 {[%emt 0:00:55]} 36. Rd8 {[%emt 0:02:07]} a5 {[%emt 0:01:08]} 37. Ra8 {[%emt 0:00:34]} Bc7 {[%emt 0:00:43]} 38. Rh8 {[%emt 0:00:57]} Kf7 {[%emt 0:00:38]} 39. Rh7+ {[%emt 0:00:12]} 1-0

[Event "23rd Pirc Memorial Juniors 202"]
[Site "Maribor"]
[Date "2020.08.13"]
[Round "4.5"]
[White "Guid, Taja"]
[Black "Centrih, Aleks"]
[Result "1/2-1/2"]
[WhiteElo "1705"]
[BlackElo "1746"]
[Annotator "NA"]
[PlyCount "95"]
[EventDate "2020.08.12"]
[EventType "tourn"]
[EventCountry "SLO"]
[SourceTitle "playchess.com"]
[Source "ChessBase"]
[SourceQuality "1"]
[TimeControl "3600+30"]

1. d4 {[%emt 0:00:00]} d5 {[%emt 0:00:00]} 2. c4 {[%emt 0:00:00]} c6 {[%emt 0:00:00]} 3. Nf3 {[%emt 0:00:19]} Nf6 {[%emt 0:00:00]} 4. e3 {[%emt 0:01:40]} a6 {[%emt 0:00:03]} 5. Nc3 {[%emt 0:01:34]} b5 {[%emt 0:00:04]} 6. c5 {[%emt 0:04:31]} Bg4 {[%emt 0:03:13]} 7. h3 {[%emt 0:02:17]} Bxf3 {[%emt 0:00:56]} 8. Qxf3 {[%emt 0:00:13]} g6 {[%emt 0:00:06]} 9. Bd3 {[%emt 0:02:06]} Bg7 {[%emt 0:00:41]} 10. O-O {[%emt 0:01:14]} O-O {[%emt 0:01:42]} 11. b3 {[%emt 0:01:59]} e5 {[%emt 0:03:13]} 12. Bc2 {[%emt 0:01:38]} Nbd7 {[%emt 0:02:34]} 13. Bb2 {[%emt 0:01:07]} a5 {[%emt 0:09:31]} 14. Qd1 {[%emt 0:03:12]} Re8 {[%emt 0:05:05]} 15. Ne2 {[%emt 0:03:01]} exd4 {[%emt 0:02:45]} 16. exd4 {[%emt 0:00:15]} Ne4 {[%emt 0:01:07]} 17. Bxe4 {[%emt 0:01:00]} Rxe4 {[%emt 0:04:00]} 18. Qc2 {[%emt 0:03:47]} Re8 {[%emt 0:04:08]} 19. Rad1 {[%emt 0:01:39]} Nf6 {[%emt 0:01:09]} 20. Rfe1 {[%emt 0:03:34]} Ne4 {[%emt 0:01:54]} 21. f3 {[%emt 0:00:19]} Nf6 {[%emt 0:03:20]} 22. Bc1 {[%emt 0:00:55]} Nh5 {[%emt 0:02:09]} 23. Qd3 {[%emt 0:03:34]} Qh4 {[%emt 0:02:21]} 24. Be3 {[%emt 0:02:13]} Ng3 {[%emt 0:02:39]} 25. Nxg3 {[%emt 0:00:44]} Qxg3 {[%emt 0:00:36]} 26. Bf2 {[%emt 0:02:40]} Qf4 {[%emt 0:00:39]} 27. Be3 {[%emt 0:00:56]} Qc7 {[%emt 0:02:25]} 28. Qd2 {[%emt 0:01:26]} a4 {[%emt 0:04:10]} 29. Bf4 {[%emt 0:02:29]} Rxe1+ {[%emt 0:01:44]} 30. Rxe1 {[%emt 0:00:06]} Qd7 {[%emt 0:00:04]} 31. Be5 {[%emt 0:06:07]} axb3 {[%emt 0:00:52]} 32. axb3 {[%emt 0:00:11]} Re8 {[%emt 0:06:39]} 33. Bxg7 {[%emt 0:01:18]} Kxg7 {[%emt 0:00:05]} 34. Kf2 {[%emt 0:00:41]} Ra8 {[%emt 0:01:31]} 35. Qg5 {[%emt 0:03:45]} Ra2+ {[%emt 0:02:39]} 36. Re2 {[%emt 0:00:18]} Rxe2+ {[%emt 0:00:39]} 37. Kxe2 {[%emt 0:00:00]} Qe6+ {[%emt 0:00:36]} 38. Qe3 {[%emt 0:02:32]} Qf5 {[%emt 0:00:40]} 39. Qc1 {[%emt 0:04:20]} h6 {[%emt 0:01:41]} 40. g4 {[%emt 0:00:56]} Qd7 {[%emt 0:00:55]} 41. Qf4 {[%emt 0:00:51]} Qe6+ {[%emt 0:00:54]} 42. Qe3 {[%emt 0:01:04]} g5 {[%emt 0:00:57]} 43. Qxe6 {[%emt 0:03:37]} fxe6 {[%emt 0:00:05]} 44. Ke3 {[%emt 0:00:07]} Kf6 {[%emt 0:00:32]} 45. f4 {[%emt 0:00:29]} Kg6 {[%emt 0:00:49]} 46. Kf3 {[%emt 0:00:11]} b4 {[%emt 0:00:25]} 47. Kg3 {[%emt 0:01:10]} Kf6 {[%emt 0:00:13]} 48. Kf3 {[%emt 0:02:48]} 1/2-1/2

[Event "23rd Pirc Memorial Juniors 202"]
[Site "Maribor"]
[Date "2020.08.14"]
[Round "5.1"]
[White "Centrih, Aleks"]
[Black "Drevensek, Gasper"]
[Result "1/2-1/2"]
[WhiteElo "1746"]
[BlackElo "1446"]
[Annotator "NA RC"]
[PlyCount "65"]
[EventDate "2020.08.12"]
[EventType "tourn"]
[EventCountry "SLO"]
[SourceTitle "playchess.com"]
[Source "ChessBase"]
[SourceQuality "1"]
[TimeControl "3600+30"]

1. e4 {[%emt 0:00:00]} c5 {[%emt 0:00:00]} 2. Nf3 {[%emt 0:00:00]} d6 {[%emt 0:00:00]} 3. Bb5+ {[%emt 0:00:00]} Nd7 {[%emt 0:00:10]} 4. O-O {[%emt 0:00:00]} a6 {[%emt 0:00:23]} 5. Bd3 {[%emt 0:00:00]} Ngf6 {[%emt 0:00:47]} 6. c3 {[%emt 0:00:47]} e6 {[%emt 0:00:32]} 7. Bc2 {[%emt 0:00:13]} Be7 {[%emt 0:00:28]} 8. d4 {[%emt 0:00:10]} b5 {[%emt 0:00:24]} 9. a4 {[%emt 0:05:05]} Bb7 {[%emt 0:01:30]} 10. Nbd2 {[%emt 0:05:27]} O-O {[%emt 0:06:01]} 11. Qe2 {[%emt 0:04:51]} Qb6 {[%emt 0:03:03]} 12. Bd3 {[%emt 0:02:24]} b4 {[%emt 0:03:51]} 13. Nc4 {[%emt 0:05:38]} Qc6 {[%emt 0:02:52]} 14. Na5 {[%emt 0:01:29]} Qb6 {[%emt 0:03:06]} 15. Nxb7 {[%emt 0:00:29]} Qxb7 {[%emt 0:00:09]} 16. e5 {[%emt 0:04:56]} Nd5 {[%emt 0:02:26]} 17. Be4 {[%emt 0:00:53]} bxc3 {[%emt 0:01:03]} 18. Bxd5 {[%emt 0:04:54]} Qxd5 {[%emt 0:00:19]} 19. bxc3 {[%emt 0:00:16]} dxe5 {[%emt 0:01:49]} 20. dxe5 {[%emt 0:00:20]} Qc6 {[%emt 0:01:25]} 21. c4 {[%emt 0:04:18]} Bd8 {[%emt 0:07:09]} 22. Rd1 {[%emt 0:02:49]} Bc7 {[%emt 0:01:36]} 23. Bg5 {[%emt 0:01:05]} Rfe8 {[%emt 0:05:49]} 24. Ra2 {[%emt 0:02:33]} Nf8 {[%emt 0:00:52]} 25. h4 {[%emt 0:12:57]} h6 {[%emt 0:06:50]} 26. Bf4 {[%emt 0:02:06]} Ng6 {[%emt 0:02:15]} 27. Bg3 {[%emt 0:00:30]} Red8 {[%emt 0:02:44]} 28. Rxd8+ {[%emt 0:04:44]} Rxd8 {[%emt 0:00:07]} 29. h5 {[%emt 0:00:05]} Ne7 {[%emt 0:00:52]} 30. Bh4 {[%emt 0:00:04]} Rd7 {[%emt 0:00:06]} 31. Bxe7 {[%emt 0:02:06]} Rxe7 {[%emt 0:01:13]} 32. Nd2 {[%emt 0:00:28]} Rd7 {[%emt 0:01:44]} 33. Qe4 {[%emt 0:01:36]} 1/2-1/2

[Event "23rd Pirc Memorial Juniors 202"]
[Site "Maribor"]
[Date "2020.08.14"]
[Round "5.2"]
[White "Javornik, Lina"]
[Black "Guid, Taja"]
[Result "0-1"]
[WhiteElo "1330"]
[BlackElo "1705"]
[Annotator "NA RC"]
[PlyCount "62"]
[EventDate "2020.08.12"]
[EventType "tourn"]
[EventCountry "SLO"]
[SourceTitle "playchess.com"]
[Source "ChessBase"]
[SourceQuality "1"]
[TimeControl "3600+30"]

1. e4 {[%emt 0:00:00]} c5 {[%emt 0:00:00]} 2. c3 {[%emt 0:00:00]} g6 {[%emt 0:00:00]} 3. d4 {[%emt 0:00:32]} cxd4 {[%emt 0:00:00]} 4. cxd4 {[%emt 0:00:09]} d5 {[%emt 0:00:05]} 5. e5 {[%emt 0:00:22]} Nc6 {[%emt 0:00:27]} 6. Bb5 {[%emt 0:00:28]} Bd7 {[%emt 0:03:18]} 7. Nc3 {[%emt 0:01:07]} e6 {[%emt 0:00:22]} 8. a3 {[%emt 0:00:27]} Bg7 {[%emt 0:00:33]} 9. Nge2 {[%emt 0:02:11]} Nh6 {[%emt 0:01:09]} 10. Ng3 {[%emt 0:01:27]} O-O {[%emt 0:01:25]} 11. O-O {[%emt 0:00:32]} f6 {[%emt 0:01:32]} 12. f4 {[%emt 0:01:32]} Qb6 {[%emt 0:03:59]} 13. Bxc6 {[%emt 0:02:43]} Bxc6 {[%emt 0:00:45]} 14. Kh1 {[%emt 0:02:00]} fxe5 {[%emt 0:03:38]} 15. fxe5 {[%emt 0:06:54]} Rxf1+ {[%emt 0:00:24]} 16. Nxf1 {[%emt 0:01:21]} Nf5 {[%emt 0:00:59]} 17. Ne2 {[%emt 0:04:21]} Bb5 {[%emt 0:09:01]} 18. Nfg3 {[%emt 0:01:02]} Bxe2 {[%emt 0:06:29]} 19. Nxe2 {[%emt 0:01:04]} Rf8 {[%emt 0:02:40]} 20. g4 {[%emt 0:01:36]} Ne7 {[%emt 0:10:31]} 21. a4 {[%emt 0:02:19]} Nc6 {[%emt 0:03:25]} 22. b3 {[%emt 0:02:01]} Rf3 {[%emt 0:04:14]} 23. Rb1 {[%emt 0:02:22]} Kf7 {[%emt 0:04:19]} 24. Kg2 {[%emt 0:03:03]} Nxe5 {[%emt 0:01:39]} 25. dxe5 {[%emt 0:03:41]} Qf2+ {[%emt 0:00:40]} 26. Kh1 {[%emt 0:00:10]} Bxe5 {[%emt 0:04:47]} 27. Ng3 {[%emt 0:03:10]} Bxg3 {[%emt 0:01:47]} 28. hxg3 {[%emt 0:02:08]} Qxg3 {[%emt 0:00:44]} 29. Qe2 {[%emt 0:08:41]} Qh3+ {[%emt 0:01:16]} 30. Kg1 {[%emt 0:01:45]} Rg3+ {[%emt 0:00:53]} 31. Kf2 {[%emt 0:00:59]} Rg2+ {[%emt 0:00:06]} 0-1

[Event "23rd Pirc Memorial Juniors 202"]
[Site "Maribor"]
[Date "2020.08.14"]
[Round "5.3"]
[White "Lavrencic, Matic"]
[Black "Drevensek, Doroteja"]
[Result "1-0"]
[WhiteElo "1902"]
[BlackElo "1381"]
[Annotator "TA"]
[PlyCount "138"]
[EventDate "2020.08.12"]
[EventType "tourn"]
[EventCountry "SLO"]
[SourceTitle "playchess.com"]
[Source "ChessBase"]
[SourceQuality "1"]

{[%evp 16,138,29,17,42,46,137,133,140,140,133,130,137,126,153,153,153,145,150,122,125,108,155,154,157,116,120,115,114,109,113,110,119,112,124,108,100,35,202,112,180,175,208,200,181,182,183,131,243,256,216,202,427,425,414,432,431,417,429,413,397,395,412,191,360,312,314,313,361,361,346,285,512,510,479,500,505,504,493,480,459,352,807,791,763,750,831,914,784,721,946,380,1036,971,917,851,698,689,662,669,631,534,487,470,414,404,380,360,622,1225,1338,1025,983,965,1597,1482,2221,1740,1204,1126,29958,29958,6083,5955,2556]} 1. e4 c6 2. d4 d5 3. exd5 cxd5 4. Bd3 Nc6 5. c3 Nf6 6. Bf4 Bg4 7. Qb3 Qd7 8. Nd2 e6 9. Ngf3 Na5 {B13: Caro-Kann: Exchange Variation and Panov-Botvinnik Attack.} 10. Qc2 {[#]} a6 $146 (10... Bd6 $14 11. Ne5 Qc7) ({Predecessor:} 10... Bxf3 11. Nxf3 Bd6 12. Bg3 Nc6 13. O-O Rc8 14. Qe2 a6 15. Ne5 Qe7 16. Bh4 Qd8 17. f4 Be7 18. f5 Qb6 19. Nxf7 Kxf7 20. Qxe6+ Kf8 21. Qxc8+ {1-0 (21) Pahud,C (2127)-Berger,G (1656) Les Diablerets 2015}) 11. Ne5 $16 Qc8 {White is clearly better.} 12. Nxg4 Nxg4 13. Bxh7 Qd7 14. Bd3 Rc8 15. Qd1 Nf6 16. Nf3 Nc6 17. Ne5 Nxe5 18. dxe5 Ng8 19. Qe2 Qa4 20. Bg3 Ne7 21. O-O g6 22. Rfd1 Nf5 23. Bxf5 gxf5 24. Rd4 Qc6 25. Rad1 {Threatens to win with c4!} Bc5 26. Rh4 ({White should play} 26. Rf4 $16) 26... Ke7 $2 ({Black should try} 26... Rxh4 $14 27. Bxh4 Qa4) 27. Rh5 (27. c4 $18) 27... Rcg8 (27... Rxh5 $16 {was called for.} 28. Qxh5 Rg8) 28. Bh4+ $18 Ke8 29. Rxh8 $1 Rxh8 30. Bf6 Rg8 31. Qf3 (31. c4 $18) 31... Qb5 {[#]} (31... Qa4 $16) 32. b3 $1 $40 {[%mdl 128] White is out for blood.} Qc6 33. h4 Rg4 $2 (33... Be7 {is a better defense.} 34. h5 Qc7) 34. h5 {And now h6 would win.} Bf8 {[#]} 35. c4 $1 {[%mdl 512]} d4 {( -> ...Qxf3)} (35... dxc4 36. Rd8#) 36. Qxc6+ bxc6 {[%mdl 4096] Endgame KRB-KRB} 37. f3 Rg8 38. Kf1 {Strongly threatening h6.} c5 {[#]} 39. Kf2 (39. b4 $142 $1 {[%mdl 512]}) 39... Bg7 $2 (39... a5 40. f4 Bh6) 40. Bxg7 Rxg7 {KR-KR} 41. Rh1 Ke7 42. h6 Rh7 43. Ke2 f6 $2 (43... a5 {was worth a try.} 44. Kd3 f6) 44. f4 fxe5 45. fxe5 a5 46. a3 Kd7 47. Kd3 Kc6 48. Rh3 Kb6 $2 (48... Kc7 49. Ke2 Kd7) 49. Ke2 Kc6 50. Kf3 Kd7 51. Kf4 Ke8 52. Kg5 Kf7 53. Kh5 (53. a4 $142 Rh8 54. h7) 53... Rh8 $2 (53... Kg8 54. Rg3+ Kh8) 54. Rg3 Rh7 55. a4 Kf8 56. Kg6 Kg8 57. Kf6+ Kf8 58. Kxe6 Rxh6+ 59. Kxf5 Kf7 60. Ke4 Ke6 {Black hopes to continue with ...Rh4+.} 61. Rg4 Kf7 $2 (61... Rh1 62. Rg6+ Ke7) 62. Kd5 Rg6 63. Rf4+ Ke7 64. Kxc5 d3 65. Rd4 Rg3 66. Kb5 Ke6 67. Rd5 Rxg2 68. Rxd3 Kxe5 69. Kxa5 Ke4 {Accuracy: White = 79%, Black = 41%.} 1-0

[Event "23rd Pirc Memorial Juniors 202"]
[Site "Maribor"]
[Date "2020.08.14"]
[Round "5.4"]
[White "Javornik, Nik"]
[Black "Heric, Meta"]
[Result "1-0"]
[WhiteElo "1786"]
[BlackElo "1287"]
[Annotator "NA RC"]
[PlyCount "81"]
[EventDate "2020.08.12"]
[EventType "tourn"]
[EventCountry "SLO"]
[SourceTitle "playchess.com"]
[Source "ChessBase"]
[SourceQuality "1"]
[TimeControl "3600+30"]

1. e4 {[%emt 0:00:00]} c5 {[%emt 0:00:00]} 2. Nf3 {[%emt 0:00:00]} d6 {[%emt 0:00:00]} 3. d4 {[%emt 0:00:00]} cxd4 {[%emt 0:00:00]} 4. Nxd4 {[%emt 0:00:00]} Nf6 {[%emt 0:00:02]} 5. Nc3 {[%emt 0:00:00]} g6 {[%emt 0:00:09]} 6. f3 {[%emt 0:00:05]} Bg7 {[%emt 0:00:13]} 7. Be3 {[%emt 0:00:13]} a6 {[%emt 0:00:16]} 8. Qd2 {[%emt 0:00:14]} Nbd7 {[%emt 0:00:13]} 9. O-O-O {[%emt 0:00:55]} b5 {[%emt 0:00:53]} 10. g4 {[%emt 0:00:49]} Ne5 {[%emt 0:00:13]} 11. g5 {[%emt 0:00:41]} Nh5 {[%emt 0:01:35]} 12. f4 {[%emt 0:00:20]} Ng4 {[%emt 0:00:31]} 13. Bg1 {[%emt 0:00:13]} Bxd4 {[%emt 0:07:38]} 14. Bxd4 {[%emt 0:08:18]} f6 {[%emt 0:09:59]} 15. h3 {[%emt 0:03:30]} e5 {[%emt 0:02:03]} 16. hxg4 {[%emt 0:01:22]} Bxg4 {[%emt 0:01:57]} 17. Be2 {[%emt 0:03:29]} Bxe2 {[%emt 0:00:25]} 18. Nxe2 {[%emt 0:00:13]} exd4 {[%emt 0:00:21]} 19. Qxd4 {[%emt 0:00:28]} Rc8 {[%emt 0:02:55]} 20. gxf6 {[%emt 0:04:52]} Nxf6 {[%emt 0:01:29]} 21. Rd2 {[%emt 0:06:12]} O-O {[%emt 0:09:00]} 22. b3 {[%emt 0:04:59]} Qe7 {[%emt 0:04:14]} 23. Ng3 {[%emt 0:01:41]} Rfe8 {[%emt 0:01:48]} 24. Re1 {[%emt 0:02:54]} d5 {[%emt 0:01:41]} 25. e5 {[%emt 0:01:17]} Qa3+ {[%emt 0:01:40]} 26. Kb1 {[%emt 0:01:10]} Qc5 {[%emt 0:02:33]} 27. Red1 {[%emt 0:02:32]} Qxd4 {[%emt 0:01:11]} 28. Rxd4 {[%emt 0:00:02]} Ng4 {[%emt 0:00:43]} 29. R1d3 {[%emt 0:02:16]} Rf8 {[%emt 0:02:28]} 30. f5 {[%emt 0:05:10]} Nxe5 {[%emt 0:01:57]} 31. Re3 {[%emt 0:01:09]} Nc6 {[%emt 0:02:42]} 32. Rxd5 {[%emt 0:02:17]} Nb4 {[%emt 0:00:25]} 33. Rd7 {[%emt 0:02:38]} Rf7 {[%emt 0:03:38]} 34. Rxf7 {[%emt 0:01:44]} Kxf7 {[%emt 0:00:02]} 35. fxg6+ {[%emt 0:01:36]} hxg6 {[%emt 0:00:47]} 36. Re2 {[%emt 0:00:34]} Rc3 {[%emt 0:00:46]} 37. Ne4 {[%emt 0:00:51]} Rf3 {[%emt 0:00:58]} 38. Ng5+ {[%emt 0:00:01]} Kg7 {[%emt 0:00:48]} 39. Nxf3 {[%emt 0:00:05]} Nd5 {[%emt 0:00:24]} 40. Kb2 {[%emt 0:00:19]} Nf4 {[%emt 0:00:36]} 41. Re7+ {[%emt 0:01:09]} 1-0